Concise encyclopedic dictionary of rubber technology (Record no. 24047)
[ view plain ]
| 000 -LEADER | |
|---|---|
| fixed length control field | 00304nam a2200109Ia 4500 |
| 082 ## - DEWEY DECIMAL CLASSIFICATION NUMBER | |
| Classification number | NR:62(038) |
| Item number | CRA |
| 100 ## - MAIN ENTRY--AUTHOR NAME | |
| Personal name | Craig, Alexander S |
| 245 #0 - TITLE STATEMENT | |
| Title | Concise encyclopedic dictionary of rubber technology |
| 260 ## - PUBLICATION, DISTRIBUTION, ETC. (IMPRINT) | |
| Place of publication | New York |
| Name of publisher | Elsevier |
| Year of publication | 1969 |
| 942 ## - ADDED ENTRY ELEMENTS (KOHA) | |
| Koha item type | Books |
| Withdrawn status | Lost status | Damaged status | Not for loan | Home library | Current library | Date acquired | Full call number | Accession Number | Koha item type |
|---|---|---|---|---|---|---|---|---|---|
| Write off | RRII Library | RRII Library | 16/12/2021 | NR:62(038) CRA | 04735 | Books |